| 000 | 00512nam a2200205Ia 4500 | ||
|---|---|---|---|
| 005 | 20240606030027.0 | ||
| 008 | 240331s9999 xx 000 0 und d | ||
| 020 | _a0855981555 | ||
| 082 |
_bPRY _a363 |
||
| 100 | _aPryer, J | ||
| 100 | _aCrook,N. | ||
| 245 | 0 |
_aCities of hunger : _burban malnutrition in developing countries |
|
| 250 | _a2nd | ||
| 260 |
_aOxford _bOxfam _c1988 |
||
| 300 | _av,112 p., | ||
| 650 | _aHunger | ||
| 650 | _aUrban Malnutrition | ||
| 650 | _aDeveloping Countries | ||
| 942 | _cL | ||
| 999 |
_c2954 _d2954 |
||